000 00433cam a2200181ua 4500
020 _c4.00
041 _ahin
_h
082 _a891.54
_bHUM/BA
100 _aHumayoon, Kabir .
245 _aBangla kavya ki bhumika /
_cHumayoon Kabir.
_hTextual Documents
250 _a1 /
_b.
260 _aDelhi :
_bRajkamal Prakashan ,
_c1961.
300 _a83 ; .
365 _a4.00
504 _a
942 _cBK
999 _c8340
_d8340